[Event "FIRST SATURDAY TOURNAMENTS Budapest FMA-"]
[Site "Budapest"]
[Date "2012.02.09"]
[Round "6.1"]
[White "Bogad, Peter"]
[Black "Havaskori, Laszlo"]
[Result "1-0"]
[WhiteElo "2118"]
[BlackElo "2004"]
[PlyCount "59"]
[EventDate "2012.02.04"]

1. g4 d5 2. Bg2 c5 3. c4 e6 4. cxd5 exd5 5. Qb3 Nf6 6. g5 Ne4 7. d3 Nxg5 8.
Bxd5 Nc6 9. Bxg5 Qxg5 10. Bxf7+ Kd8 11. Na3 Nd4 12. Qd5+ Qxd5 13. Bxd5 c4 14.
dxc4 Bxa3 15. O-O-O Kc7 16. bxa3 Ne6 17. Nf3 Nc5 18. e4 Rf8 19. Nd4 Rxf2 20.
Nb5+ Kb6 21. Rd2 Rxd2 22. Kxd2 Bh3 23. Rb1 a6 24. e5 Bf5 25. Rb4 Nd3 26. Nd6+
Nxb4 27. axb4 g6 28. Nxb7 Rb8 29. Nd6 Kc7 30. Kc3 1-0

[Event "FIRST SATURDAY TOURNAMENTS Budapest FMA-"]
[Site "Budapest"]
[Date "2012.02.09"]
[Round "6.2"]
[White "Kozak, Adam"]
[Black "Kis, Bela"]
[Result "0-1"]
[WhiteElo "1958"]
[BlackElo "2063"]
[PlyCount "69"]
[EventDate "2012.02.04"]

1. d4 d5 2. c4 e6 3. Nc3 c5 4. cxd5 exd5 5. Nf3 Nc6 6. g3 Nf6 7. Bg2 cxd4 8.
Nxd4 Be7 9. O-O O-O 10. Bf4 Be6 11. Nxe6 fxe6 12. Qb3 Nd7 13. Qxb7 Rc8 14. Nxd5
exd5 15. Bxd5+ Kh8 16. Bxc6 Nc5 17. Qb5 a6 18. Qc4 Rxc6 19. b4 Rxf4 20. Qxf4
Ne6 21. Qg4 Qc8 22. Qe4 Rc4 23. Qe3 Bg5 24. Qe5 Bf6 25. Qd6 Nd4 26. Rae1 Rc2
27. Kg2 h6 28. e4 Qc3 29. Qf4 Bg5 30. Qf8+ Kh7 31. h4 Bf6 32. e5 Qf3+ 33. Kg1
Bxe5 34. Qd8 Qc6 35. Kh2 0-1

[Event "FIRST SATURDAY TOURNAMENTS Budapest FMA-"]
[Site "Budapest"]
[Date "2012.02.09"]
[Round "6.3"]
[White "Vecsernyes, Norbert"]
[Black "Atabayev, Saparmyrat"]
[Result "0-1"]
[WhiteElo "1892"]
[BlackElo "2065"]
[PlyCount "102"]
[EventDate "2012.02.04"]

1. d4 c5 2. d5 e5 3. dxe6 fxe6 4. e4 Nc6 5. Nf3 d6 6. Be2 Nf6 7. e5 dxe5 8.
Qxd8+ Kxd8 9. Ng5 Ke7 10. Nd2 b6 11. c3 Bb7 12. O-O h6 13. Nge4 Nd5 14. g3 g5
15. Nc4 Ba6 16. Re1 Bg7 17. Kg2 Bxc4 18. Bxc4 Rhd8 19. Be2 Nf6 20. Nxf6 Bxf6
21. Bf3 Rd6 22. Be3 Rad8 23. Be4 Kf7 24. f3 Ne7 25. a4 Nc6 26. Bxc6 Rxc6 27. g4
Rcd6 28. Kf2 Rd5 29. Ke2 h5 30. h4 gxh4 31. g5 Be7 32. Rh1 Rd3 33. Rag1 c4 34.
Rxh4 Rxe3+ 35. Kxe3 Bc5+ 36. Ke4 Bxg1 37. Rxh5 Kg6 38. Rh6+ Kxg5 39. Rxe6 Bh2
40. Re7 a5 41. Rh7 Rd2 42. Rc7 Rxb2 43. Rxc4 Re2+ 44. Kd3 Ra2 45. Ke4 Ra3 46.
Kd5 Kf5 47. Kc6 Bg1 48. Kd5 Rb3 49. Rg4 Bc5 50. Kc4 Ra3 51. Kd3 Bd4 0-1

[Event "FIRST SATURDAY TOURNAMENTS Budapest FMA-"]
[Site "Budapest"]
[Date "2012.02.09"]
[Round "6.4"]
[White "Nazarov, Rustem"]
[Black "Borda, Lajos"]
[Result "1-0"]
[WhiteElo "2048"]
[BlackElo "2120"]
[PlyCount "89"]
[EventDate "2012.02.04"]

1. e4 c5 2. Nf3 a6 3. c4 d6 4. Nc3 Bg4 5. Be2 Nc6 6. O-O Nf6 7. d3 e6 8. h3
Bxf3 9. Bxf3 Qc7 10. Be3 Be7 11. g3 h5 12. Bg2 h4 13. g4 Nd7 14. Qd2 Bf6 15.
Ne2 Nd4 16. f4 Nxe2+ 17. Qxe2 Bd4 18. Bxd4 cxd4 19. b4 Qd8 20. e5 dxe5 21. fxe5
Qc7 22. Rae1 a5 23. b5 Nc5 24. Rf4 Rd8 25. Ref1 Rd7 26. g5 g6 27. Rg4 Rh5 28.
Rff4 Qd8 29. Rf6 Qc7 30. Bf1 Re7 31. Rff4 Rd7 32. Kh1 a4 33. Bg2 Kf8 34. Rxd4
Rxd4 35. Rxd4 Rxg5 36. Rd6 Rg3 37. Qf1 f5 38. d4 Nd3 39. c5 g5 40. b6 Qe7 41.
c6 bxc6 42. Rxc6 Nf4 43. Rc8+ Kf7 44. Rc7 Nxg2 45. Qxg2 1-0

[Event "FIRST SATURDAY TOURNAMENTS Budapest FMA-"]
[Site "Budapest"]
[Date "2012.02.09"]
[Round "6.5"]
[White "Farkas, Richard"]
[Black "Csomor, Viktor"]
[Result "1/2-1/2"]
[WhiteElo "2047"]
[BlackElo "2090"]
[PlyCount "52"]
[EventDate "2012.02.04"]

1. e4 c6 2. d4 d5 3. exd5 cxd5 4. Bd3 Nf6 5. c3 Nc6 6. Bg5 Ne4 7. Bf4 Bf5 8.
Ne2 e6 9. Ng3 Nxg3 10. hxg3 Qb6 11. b3 Bxd3 12. Qxd3 h6 13. Nd2 Be7 14. Nf3 Bf6
15. g4 g5 16. Bg3 Rc8 17. O-O h5 18. gxh5 Rxh5 19. Rfe1 Kd7 20. Rad1 Rch8 21.
Kf1 g4 22. Ng1 Ne7 23. c4 Nc6 24. Be5 Bxe5 25. dxe5 d4 26. Re4 Rg8 1/2-1/2

[Event "FIRST SATURDAY TOURNAMENTS Budapest FMA-"]
[Site "Budapest"]
[Date "2012.02.10"]
[Round "7.1"]
[White "Csomor, Viktor"]
[Black "Bogad, Peter"]
[Result "0-1"]
[WhiteElo "2090"]
[BlackElo "2118"]
[PlyCount "102"]
[EventDate "2012.02.04"]

1. d4 h6 2. c4 g5 3. e3 Bg7 4. Bd3 c5 5. d5 Nf6 6. Nc3 d6 7. Nge2 Nbd7 8. O-O
Ne5 9. f4 Nxd3 10. Qxd3 Bd7 11. Ng3 Qc7 12. a4 a6 13. Bd2 O-O-O 14. Nf5 Bf8 15.
a5 e6 16. Ng3 exd5 17. cxd5 g4 18. Rfc1 h5 19. Na4 h4 20. Nb6+ Kb8 21. Nxd7+
Qxd7 22. Ne2 Qb5 23. Qxb5 axb5 24. Bc3 Bg7 25. b4 Rhe8 26. Ra2 cxb4 27. Bd4 Bh8
28. Bxf6 Bxf6 29. Rb1 Re4 30. Rc2 Rc8 31. Rxc8+ Kxc8 32. Kf2 Kb8 33. h3 gxh3
34. gxh3 Ka7 35. Kf3 Rc4 36. Kg4 Ka6 37. Kf5 Bh8 38. e4 Kxa5 39. e5 Rc5 40.
Ra1+ Kb6 41. Rd1 b3 42. Rb1 dxe5 43. Rxb3 Rc2 44. Re3 exf4 45. Nxf4 b4 46. Rb3
Rc4 47. Nd3 Bc3 48. Ne5 Rd4 49. Nd7+ Kb5 50. Nf6 Kc4 51. Rb1 b3 0-1

[Event "FIRST SATURDAY TOURNAMENTS Budapest FMA-"]
[Site "Budapest"]
[Date "2012.02.10"]
[Round "7.2"]
[White "Borda, Lajos"]
[Black "Farkas, Richard"]
[Result "0-1"]
[WhiteElo "2120"]
[BlackElo "2047"]
[PlyCount "54"]
[EventDate "2012.02.04"]

1. e4 e6 2. d4 d5 3. e5 c5 4. c3 Qb6 5. Nf3 Bd7 6. h4 Nc6 7. dxc5 Bxc5 8. Qc2
Nh6 9. Bxh6 gxh6 10. Bd3 Qc7 11. Qe2 Bf8 12. O-O Bg7 13. Re1 O-O-O 14. a4 f6
15. exf6 Bxf6 16. Bb5 Rde8 17. Qe3 e5 18. Qxh6 Ref8 19. a5 a6 20. Bxc6 Bxc6 21.
Qe3 e4 22. Nd4 Bd7 23. Nd2 Bxh4 24. g3 Rhg8 25. Nf1 h5 26. Qh6 Qe5 27. f4 Rxf4
0-1

[Event "FIRST SATURDAY TOURNAMENTS Budapest FMA-"]
[Site "Budapest"]
[Date "2012.02.10"]
[Round "7.3"]
[White "Atabayev, Saparmyrat"]
[Black "Nazarov, Rustem"]
[Result "0-1"]
[WhiteElo "2065"]
[BlackElo "2048"]
[PlyCount "100"]
[EventDate "2012.02.04"]

1. e4 d6 2. d4 Nf6 3. Nc3 g6 4. f4 Bg7 5. Nf3 O-O 6. e5 dxe5 7. fxe5 Nd5 8.
Nxd5 Qxd5 9. Bg5 Nc6 10. Be2 Bf5 11. O-O Rad8 12. c3 Qd7 13. Qb3 Be6 14. Qc2
Bf5 15. Qb3 Be6 16. Qc2 Na5 17. c4 b6 18. Rad1 c6 19. b4 Nb7 20. Qc1 b5 21. a4
bxc4 22. Bxc4 Bd5 23. a5 Rb8 24. Qc3 Nd8 25. Be3 Ne6 26. Ng5 Nxg5 27. Bxg5 Rb7
28. a6 Rb6 29. Rc1 h6 30. Bh4 Rd8 31. Bxd5 cxd5 32. Qf3 Qe6 33. Rc7 g5 34. Be1
Rxa6 35. b5 Rb6 36. Ba5 Rxb5 37. Rc6 Qxc6 38. Qxf7+ Kh7 39. Bxd8 Rb7 40. Qf5+
Kh8 41. h4 Qc3 42. Qg4 Rb4 43. Rd1 Bxe5 44. Ba5 Qe3+ 45. Kh1 Rxd4 46. Rxd4 Bxd4
47. Qd1 Qf4 48. g4 gxh4 49. Bc7 e5 50. Qd3 Qc1+ 0-1

[Event "FIRST SATURDAY TOURNAMENTS Budapest FMA-"]
[Site "Budapest"]
[Date "2012.02.10"]
[Round "7.4"]
[White "Kis, Bela"]
[Black "Vecsernyes, Norbert"]
[Result "1-0"]
[WhiteElo "2063"]
[BlackElo "1892"]
[PlyCount "81"]
[EventDate "2012.02.04"]

1. e4 e6 2. d4 d5 3. Nc3 Nf6 4. e5 Nfd7 5. Nf3 c5 6. dxc5 Nc6 7. Bf4 Bxc5 8.
Bd3 a6 9. O-O f6 10. exf6 Nxf6 11. Ne2 O-O 12. c3 Qe8 13. Ned4 Nd7 14. Bxh7+
Kxh7 15. Ng5+ Kg8 16. Ndxe6 Rxf4 17. Nxf4 Nf6 18. Nxd5 Qe5 19. Nxf6+ gxf6 20.
Qb3+ Kg7 21. Qf7+ Kh6 22. Nf3 Qe6 23. Qc7 Qd6 24. Qf7 Qe6 25. Qc7 Qd6 26. Qxd6
Bxd6 27. Rad1 Bc7 28. Rfe1 Bg4 29. Rd3 Rd8 30. Rxd8 Bxd8 31. Nd4 Nxd4 32. cxd4
Bd7 33. f3 Bb6 34. Rd1 Kg5 35. Kf2 Be6 36. b3 Bd5 37. Ke3 f5 38. g3 Bc7 39. Rc1
f4+ 40. Kd3 Bb8 41. Rc5 1-0

[Event "FIRST SATURDAY TOURNAMENTS Budapest FMA-"]
[Site "Budapest"]
[Date "2012.02.10"]
[Round "7.5"]
[White "Havaskori, Laszlo"]
[Black "Kozak, Adam"]
[Result "1/2-1/2"]
[WhiteElo "2004"]
[BlackElo "1958"]
[PlyCount "122"]
[EventDate "2012.02.04"]

1. e4 c5 2. Nc3 Nc6 3. f4 g6 4. Nf3 Bg7 5. d3 e6 6. g3 Nge7 7. Bg2 O-O 8. O-O
d5 9. e5 f6 10. exf6 Bxf6 11. Ne2 Qd6 12. c3 d4 13. c4 h5 14. Nd2 b6 15. Ne4
Qd7 16. Nxf6+ Rxf6 17. Bd2 Bb7 18. g4 e5 19. gxh5 gxh5 20. Ng3 h4 21. Ne4 Rg6
22. Kh1 Rf8 23. Qh5 Kg7 24. fxe5 Rh8 25. Rf7+ Kxf7 26. Qxh8 Qg4 27. Ng5+ Rxg5
28. Qf6+ Ke8 29. Qxg5 Qe2 30. Be4 Na5 31. Re1 Bxe4+ 32. dxe4 Qf3+ 33. Qg2 Qxg2+
34. Kxg2 Nxc4 35. Bc1 Ng6 36. b3 Ncxe5 37. Rf1 b5 38. Rf5 c4 39. Kf1 c3 40. Ke1
d3 41. Bg5 d2+ 42. Ke2 Nd3 43. Rf1 Ne1 44. Rf6 Nf8 45. Bxh4 Ng2 46. Bf2 Ng6 47.
Bd4 N6f4+ 48. Kd1 b4 49. Rc6 Nd3 50. Bxc3 bxc3 51. Rxc3 Nf2+ 52. Kxd2 Nxe4+ 53.
Kd3 Nxc3 54. Kxc3 Kd7 55. Kd4 Kc6 56. a3 Nh4 57. Ke4 Kc5 58. Kd3 Ng6 59. Ke3 a5
60. h3 Kd5 61. b4 a4 1/2-1/2

[Event "FIRST SATURDAY TOURNAMENTS Budapest FMA-"]
[Site "Budapest"]
[Date "2012.02.11"]
[Round "8.1"]
[White "Bogad, Peter"]
[Black "Kozak, Adam"]
[Result "1-0"]
[WhiteElo "2118"]
[BlackElo "1958"]
[PlyCount "73"]
[EventDate "2012.02.04"]

1. g4 d5 2. Bg2 c6 3. h3 e5 4. d4 e4 5. c4 Be6 6. Nc3 Nd7 7. Bf4 Ne7 8. e3 Ng6
9. Nge2 h5 10. Qc2 a6 11. O-O-O Rc8 12. Kb1 hxg4 13. hxg4 Rxh1 14. Rxh1 Bxg4
15. Ng3 Be6 16. Qe2 Nf6 17. Bg5 b5 18. c5 Qc7 19. Bxf6 gxf6 20. Nh5 Qe7 21. f3
f5 22. fxe4 fxe4 23. Qf2 Kd8 24. Ne2 Bh6 25. Qg3 Bg5 26. Ng7 Bd7 27. Bh3 Bh4
28. Qg2 Qg5 29. Qh2 Bxh3 30. Qxh3 Kc7 31. Nf5 Rh8 32. Qh2+ Kb7 33. Nd6+ Ka7 34.
Nxf7 Bg3 35. Qxh8 Qxe3 36. Qg7 Qxe2 37. Nd6+ 1-0

[Event "FIRST SATURDAY TOURNAMENTS Budapest FMA-"]
[Site "Budapest"]
[Date "2012.02.11"]
[Round "8.2"]
[White "Vecsernyes, Norbert"]
[Black "Havaskori, Laszlo"]
[Result "1-0"]
[WhiteElo "1892"]
[BlackElo "2004"]
[PlyCount "83"]
[EventDate "2012.02.04"]

1. d4 Nf6 2. c4 e6 3. Nc3 Bb4 4. Qc2 c5 5. e3 O-O 6. a3 Bxc3+ 7. Qxc3 d6 8. Nf3
Qe7 9. Be2 Re8 10. dxc5 dxc5 11. Ne5 Nbd7 12. Bf3 Nxe5 13. Qxe5 Nd7 14. Qc7 Nb6
15. Qxe7 Rxe7 16. b3 e5 17. Bb2 e4 18. Rd1 Be6 19. Bh5 Ree8 20. O-O Rad8 21. f4
exf3 22. Bxf3 Bc8 23. Be5 Rxd1 24. Rxd1 Nd7 25. Bf4 Nf6 26. Kf2 h6 27. h3 g5
28. Bc7 g4 29. hxg4 Bxg4 30. Rd8 Bxf3 31. gxf3 Rxd8 32. Bxd8 Nd7 33. f4 Kg7 34.
e4 Kg6 35. Be7 f5 36. e5 Kf7 37. Bd6 Ke6 38. Kg3 Nf6 39. exf6 Kxd6 40. Kh4 Ke6
41. Kh5 Kxf6 42. Kxh6 1-0

[Event "FIRST SATURDAY TOURNAMENTS Budapest FMA-"]
[Site "Budapest"]
[Date "2012.02.11"]
[Round "8.3"]
[White "Nazarov, Rustem"]
[Black "Kis, Bela"]
[Result "1-0"]
[WhiteElo "2048"]
[BlackElo "2063"]
[PlyCount "57"]
[EventDate "2012.02.04"]

1. e4 e5 2. Nf3 Nc6 3. Bb5 a6 4. Ba4 Nf6 5. O-O Nxe4 6. Re1 Nc5 7. Bxc6 dxc6 8.
Nxe5 Be7 9. d4 Nd7 10. Bf4 Nxe5 11. Bxe5 O-O 12. c4 c5 13. d5 Bd6 14. Nc3 f6
15. Bg3 f5 16. Be5 Bxe5 17. Rxe5 Qd6 18. f4 Bd7 19. Qf3 b5 20. b3 Rab8 21. Rae1
Rf6 22. Qd3 Kf8 23. Nd1 h6 24. Nf2 bxc4 25. bxc4 Rb4 26. Qc3 g5 27. Nd3 Rb6 28.
Qc1 g4 29. Qe3 1-0

[Event "FIRST SATURDAY TOURNAMENTS Budapest FMA-"]
[Site "Budapest"]
[Date "2012.02.11"]
[Round "8.4"]
[White "Farkas, Richard"]
[Black "Atabayev, Saparmyrat"]
[Result "0-1"]
[WhiteElo "2047"]
[BlackElo "2065"]
[PlyCount "102"]
[EventDate "2012.02.04"]

1. e4 c5 2. Nf3 d6 3. d4 cxd4 4. Nxd4 Nf6 5. Nc3 a6 6. Be3 Nbd7 7. f3 Qc7 8.
Qd2 e6 9. g4 Ne5 10. O-O-O Be7 11. g5 Nfd7 12. h4 b5 13. f4 Nc4 14. Bxc4 Qxc4
15. h5 b4 16. Nb1 Bb7 17. b3 Qc7 18. g6 Bxe4 19. gxf7+ Kxf7 20. Rhe1 d5 21. Qf2
Rhc8 22. Rd2 Bf6 23. f5 exf5 24. Nxf5 Qe5 25. Nd4 Qxh5 26. Rf1 Kg8 27. Ne2 Rf8
28. Nf4 Qe5 29. Bd4 Qe7 30. Bxf6 Nxf6 31. Qd4 Nh5 32. Rdf2 Nxf4 33. Rxf4 Rxf4
34. Rxf4 Rc8 35. Rf2 Rf8 36. Rxf8+ Qxf8 37. Nd2 Qe7 38. Qb6 h5 39. Qxa6 h4 40.
Qc6 Bg2 41. c3 bxc3 42. Qxc3 h3 43. Qg3 d4 44. Kb2 Qe3 45. Qb8+ Kh7 46. Nc4
Qf2+ 47. Ka3 Be4 48. Qe5 Bg6 49. Qe6 Qf8+ 50. Kb2 Qf5 51. Qd6 Qc2+ 0-1

[Event "FIRST SATURDAY TOURNAMENTS Budapest FMA-"]
[Site "Budapest"]
[Date "2012.02.11"]
[Round "8.5"]
[White "Csomor, Viktor"]
[Black "Borda, Lajos"]
[Result "1/2-1/2"]
[WhiteElo "2090"]
[BlackElo "2120"]
[PlyCount "49"]
[EventDate "2012.02.04"]

1. d4 Nf6 2. c4 e5 3. dxe5 Ng4 4. e6 Bb4+ 5. Bd2 Bxd2+ 6. Qxd2 fxe6 7. Nf3 b6
8. g3 Bb7 9. Bg2 O-O 10. O-O a5 11. Nc3 Na6 12. a3 Nc5 13. Qc2 a4 14. Rad1 Qe7
15. h3 Nf6 16. Ne5 Bxg2 17. Kxg2 d6 18. Nd3 Nfe4 19. Nxc5 Nxc3 20. Nxe6 Rxf2+
21. Rxf2 Nxd1 22. Qxd1 Qxe6 23. Qc2 Rf8 24. Rxf8+ Kxf8 25. Qd3 1/2-1/2

[Event "FIRST SATURDAY TOURNAMENTS Budapest FMA-"]
[Site "Budapest"]
[Date "2012.02.12"]
[Round "9.1"]
[White "Borda, Lajos"]
[Black "Bogad, Peter"]
[Result "0-1"]
[WhiteElo "2120"]
[BlackElo "2118"]
[PlyCount "108"]
[EventDate "2012.02.04"]

1. e4 g5 2. d4 h6 3. c3 d5 4. Nd2 Bg7 5. Bd3 Nf6 6. e5 Nfd7 7. Ne2 c5 8. Ng3
Qb6 9. Nh5 Bf8 10. dxc5 Nxc5 11. Bc2 Nc6 12. Qe2 Qc7 13. O-O Qxe5 14. Qb5 Bg4
15. Ng3 Qd6 16. Nb3 Nxb3 17. axb3 O-O-O 18. Be3 Bd7 19. Qd3 b6 20. Ra3 e5 21.
Rfa1 Qc7 22. Qxd5 Bxa3 23. Rxa3 Be6 24. Qb5 Rd5 25. Qa6+ Qb7 26. Qe2 Rhd8 27.
b4 f5 28. Nxf5 Bxf5 29. Bxf5+ Kb8 30. Bc2 e4 31. h3 Qc7 32. Ra1 Qe5 33. Re1 Re8
34. b5 Na5 35. Bd4 Rxd4 36. cxd4 Qxd4 37. Bxe4 Nc4 38. Kh1 Nxb2 39. Qf3 Nd3 40.
Qg3+ Nf4 41. f3 Qd2 42. Kh2 Re5 43. Rb1 Kc7 44. Ra1 Kb8 45. Rb1 Rc5 46. Kg1
Qe3+ 47. Qf2 Ne2+ 48. Kf1 Qxf2+ 49. Kxf2 Nc3 50. Rb3 Nxb5 51. h4 a5 52. Rb2 Kc7
53. hxg5 hxg5 54. Kg3 a4 0-1

[Event "FIRST SATURDAY TOURNAMENTS Budapest FMA-"]
[Site "Budapest"]
[Date "2012.02.12"]
[Round "9.2"]
[White "Atabayev, Saparmyrat"]
[Black "Csomor, Viktor"]
[Result "1-0"]
[WhiteElo "2065"]
[BlackElo "2090"]
[PlyCount "85"]
[EventDate "2012.02.04"]

1. e4 c6 2. d4 d5 3. Nc3 dxe4 4. Nxe4 Bf5 5. Ng3 Bg6 6. Nf3 Nd7 7. Bc4 e6 8.
Bf4 Ngf6 9. O-O Be7 10. Ne5 Nxe5 11. Bxe5 O-O 12. Bb3 Qa5 13. Qe2 Rfd8 14. f4
Qb6 15. f5 Bxf5 16. Nxf5 exf5 17. Rxf5 Rf8 18. Raf1 Rae8 19. Qf3 c5 20. c3 cxd4
21. cxd4 Rd8 22. Kh1 a5 23. Qg3 Kh8 24. Bc7 Qxd4 25. Bxd8 Qxd8 26. Rd1 Qc8 27.
Rff1 b6 28. Rfe1 Bc5 29. h3 Qc6 30. Qf4 Nh5 31. Qe5 Qg6 32. g4 Nf6 33. Qf5 Qh6
34. g5 Qh5 35. Bc2 Ne8 36. Rd8 g6 37. Qg4 Qxg4 38. hxg4 Nc7 39. Rxf8+ Bxf8 40.
Bb3 Kg7 41. Rf1 Ne6 42. Bxe6 fxe6 43. Rf6 1-0

[Event "FIRST SATURDAY TOURNAMENTS Budapest FMA-"]
[Site "Budapest"]
[Date "2012.02.12"]
[Round "9.3"]
[White "Kis, Bela"]
[Black "Farkas, Richard"]
[Result "0-1"]
[WhiteElo "2063"]
[BlackElo "2047"]
[PlyCount "68"]
[EventDate "2012.02.04"]

1. e4 c5 2. c3 d5 3. exd5 Qxd5 4. d4 Nf6 5. Nf3 e6 6. Bd3 Be7 7. Be3 cxd4 8.
cxd4 O-O 9. Nc3 Qd8 10. Rc1 Nc6 11. O-O Nb4 12. Bb1 b6 13. Qd2 Bb7 14. Ne5 Rc8
15. f3 Nbd5 16. Bf2 Nd7 17. Nxd5 Bxd5 18. Rxc8 Qxc8 19. Rc1 Qb7 20. Qc2 g6 21.
Ng4 Bd6 22. Bg3 Bxg3 23. hxg3 Qa8 24. Qc7 Rd8 25. Ne3 Bb7 26. Nc4 Nf6 27. Nd6
Rd7 28. Qxd7 Nxd7 29. Rc7 Qb8 30. Rxd7 Bc6 31. Rxf7 Qxd6 32. Rxa7 Qxd4+ 33. Kh2
Qxb2 34. Bd3 Bxf3 0-1

[Event "FIRST SATURDAY TOURNAMENTS Budapest FMA-"]
[Site "Budapest"]
[Date "2012.02.12"]
[Round "9.4"]
[White "Havaskori, Laszlo"]
[Black "Nazarov, Rustem"]
[Result "0-1"]
[WhiteElo "2004"]
[BlackElo "2048"]
[PlyCount "84"]
[EventDate "2012.02.04"]

1. d4 Nf6 2. c4 g6 3. Nc3 Bg7 4. e4 d6 5. Be2 O-O 6. g4 e5 7. dxe5 dxe5 8. g5
Nfd7 9. Be3 c6 10. Qd2 Na6 11. O-O-O Qe7 12. h4 Ndc5 13. Nf3 Be6 14. Qd6 Qxd6
15. Rxd6 Bg4 16. Rg1 Bh5 17. Nd2 Bxe2 18. Nxe2 Rfd8 19. Rxd8+ Rxd8 20. a3 b6
21. Kc2 Ne6 22. Nb3 Bf8 23. f4 exf4 24. Nxf4 Nxf4 25. Bxf4 Nc5 26. Nxc5 Bxc5
27. Rh1 Rd4 28. Be5 Rxe4 29. Bf6 Be7 30. Kd3 Re6 31. Bc3 Bf8 32. Rf1 Bg7 33.
Bf6 Bxf6 34. gxf6 h5 35. Kd4 Kh7 36. b4 Kh6 37. a4 a6 38. a5 b5 39. cxb5 cxb5
40. Rf3 g5 41. hxg5+ Kxg5 42. Rc3 h4 0-1

[Event "FIRST SATURDAY TOURNAMENTS Budapest FMA-"]
[Site "Budapest"]
[Date "2012.02.12"]
[Round "9.5"]
[White "Kozak, Adam"]
[Black "Vecsernyes, Norbert"]
[Result "1/2-1/2"]
[WhiteElo "1958"]
[BlackElo "1892"]
[PlyCount "138"]
[EventDate "2012.02.04"]

1. d4 d5 2. c4 c6 3. Nc3 e6 4. Nf3 dxc4 5. e4 b5 6. Bg5 f6 7. Be3 Bb7 8. a4 Bb4
9. Nd2 a6 10. Be2 Ne7 11. O-O O-O 12. Qc2 f5 13. f3 Qd6 14. b3 cxb3 15. Qxb3
Bxc3 16. Qxc3 b4 17. Qb3 a5 18. Nc4 Qd8 19. Nb6 Qxb6 20. Qxe6+ Kh8 21. Qxe7 Na6
22. Qg5 Qd8 23. Qxd8 Raxd8 24. Rfc1 Rfe8 25. Bxa6 Bxa6 26. Rxc6 Bd3 27. e5 f4
28. Bxf4 Rxd4 29. Bc1 Rc4 30. Rxc4 Bxc4 31. Bb2 Bb3 32. Rc1 Kg8 33. h3 Ra8 34.
Rc7 Bxa4 35. e6 Bb3 36. Rxg7+ Kf8 37. e7+ Ke8 38. Rxh7 Bd5 39. Bf6 a4 40. Rh8+
Kf7 41. Rd8 Bc6 42. Bg5 b3 43. e8=Q+ Bxe8 44. Rxa8 b2 45. Rb8 a3 46. Kh2 a2 47.
Rxb2 a1=Q 48. Re2 Bb5 49. Re7+ Kf8 50. Re4 Qb2 51. Rf4+ Ke8 52. Re4+ Kd7 53.
Bh4 Qd2 54. Be1 Qb2 55. Bh4 Bf1 56. Rg4 Qd2 57. Bg5 Qc2 58. Rd4+ Ke6 59. Rg4
Bd3 60. Bh4 Kd5 61. Bg5 Kc5 62. Be7+ Kb5 63. Bh4 Bc4 64. Re4 Ka4 65. Re1 Be2
66. Kg1 Kb3 67. Bf2 Kc3 68. Be3 Kd3 69. Bf2 Kc4 1/2-1/2